Countries that were in the 1970 FIFA World Cup - Statistics

General Stats
  • This quiz has been taken 37 times
  • The average score is 15 of 16
Answer Stats
Picture Answer % Correct
Brazil
100%
Israel
100%
Italy
100%
Mexico
100%
Morocco
100%
Soviet Union
100%
Belgium
97%
England
97%
Sweden
97%
Uruguay
97%
Czechoslovakia
94%
EL Salvador
94%
Romania
94%
West Germany
94%
Bulgaria
91%
Peru
88%
No matching quizzes found
Score Distribution
Percent of People with Each Score
Percentile by Number Answered
Your Score History
You have not taken this quiz